00625nam a2200193Ia 4500008004100000050001400041050001600055100003000071245007500101245009000176260003100266260001000297260001000307300001500317300002000332300001100352500005600363521001200419170504s9999 xx 000 0 und d aHD 30.28  b.Ar661 2016 aArambulo, Robert Bernard. 2aA tourism development plan to improve monte michaella private resort / cRobert Bernard Arambulo, John Raphael, Andrea Nicole Juridico, Antonio Miguel Pineda. aLas Piñas, Philippines : bSISC, c2016. a64 pages : billustrations ; c28 cm. aIncludes bibliographical references and appendices. aTourism